000 00326nam a22001337a 4500
008 171027b xxu||||| |||| 00| 0 eng d
020 _a9780321331854
041 _aeng
080 _a336
100 _a56
101 _aFIN
245 _aTHE ECONOMICS OF MONEY, BANKING, AND FINANCIAL MARKETS
_cMISHKIN, F.S
942 _2udc
_cBK
999 _c36280
_d36280